Royal Brompton Hospital National Health Service Trust v Hammond and others and Taylor Woodrow Construction (Holdings) Ltd (Record no. 102142)

MARC details
000 -LEADER
fixed length control field 01471cam a2200265 4500
001 - CONTROL NUMBER
control field ABS65584
008 - FIXED-LENGTH DATA ELEMENTS--GENERAL INFORMATION
fixed length control field 000000n2002 000 0 eng u
035 ## - SYSTEM CONTROL NUMBER
System control number (Sirsi) u118446
245 ## - TITLE STATEMENT
Title Royal Brompton Hospital National Health Service Trust v Hammond and others and Taylor Woodrow Construction (Holdings) Ltd
260 ## - PUBLICATION, DISTRIBUTION, ETC.
Date of publication, distribution, etc. 2002
490 ## - SERIES STATEMENT
Series statement Construction Industry Law Letter
Volume/sequential designation [2002] CILL1865-1868(4)
520 ## - SUMMARY, ETC.
Summary, etc. HL 25 April 2002. Watkins Grey International (W) appealed against a CA ruling that damage it caused occurred at the time of a certificate of extension of time and prevented R from obtaining financial recompense from T and that T was not liable in respect for the same damage as W. "Held": the appeal was dismissed on the grounds that the damage was not the 'same damage' for the purposes of the Civil Liability (Contribution) Act 1978 s1(1). Copy of judgement available on http://www.publications.parliament.uk/pa/ld200102/ldjudgmt/jd020425/brompt-1.htm
590 ## - LOCAL NOTE (RLIN)
Local note ABS
650 ## - SUBJECT ADDED ENTRY--TOPICAL TERM
Topical term or geographic name entry element WOOLF REFORMS
650 ## - SUBJECT ADDED ENTRY--TOPICAL TERM
Topical term or geographic name entry element CASE MANAGEMENT
650 ## - SUBJECT ADDED ENTRY--TOPICAL TERM
Topical term or geographic name entry element CIVIL LIABILITY (CONTRIBUTION) ACT 1978 S1(1)
650 ## - SUBJECT ADDED ENTRY--TOPICAL TERM
Topical term or geographic name entry element ROYAL BROMPTON HOSPITAL NHS TRUST V HAMMOND AND OTHERS
650 ## - SUBJECT ADDED ENTRY--TOPICAL TERM
Topical term or geographic name entry element STRIKING OUT
650 ## - SUBJECT ADDED ENTRY--TOPICAL TERM
Topical term or geographic name entry element CLAIMS
650 ## - SUBJECT ADDED ENTRY--TOPICAL TERM
Topical term or geographic name entry element CIVIL PROCEDURE RULES
650 ## - SUBJECT ADDED ENTRY--TOPICAL TERM
Topical term or geographic name entry element CIVIL PROCEDURE RULES
690 ## - LOCAL SUBJECT ADDED ENTRY--TOPICAL TERM (OCLC, RLIN)
Topical term or geographic name as entry element BUILDING AND CONSTRUCTION-LAW
856 ## - ELECTRONIC LOCATION AND ACCESS
Uniform Resource Identifier <a href="https://www.publications.parliament.uk/pa/ld200102/ldjudgmt/jd020425/brompt-1.htm">https://www.publications.parliament.uk/pa/ld200102/ldjudgmt/jd020425/brompt-1.htm</a>
942 ## - ADDED ENTRY ELEMENTS (KOHA)
Suppress in OPAC 0
Holdings
Withdrawn status Lost status Source of classification or shelving scheme Damaged status Not for loan Home library Current library Shelving location Date acquired Total Checkouts Full call number Barcode Date last seen Copy number Price effective from Koha item type
    Dewey Decimal Classification     London London Journal article 18/06/2002   ABS65584 118446-1001 06/08/2019 1 06/08/2019 Law report